000 01258nam a22003257a 4500
005 2011100406276.0
008 111004t xxu||||| |||| 00| 0 eng d
010 _aENG-103864
020 _a9788125043997
_c625.00
035 _aEN-87397
037 _bDBAD/PUB
040 _aDPL
_bEng
082 0 0 _a338.521
100 _935214
245 0 0 _aThe limits to scarcity :
_bcontesting the politics of allocation /
_cedited by Lyla Mehta
260 _aNew Delhi
_bOrient Blackswan
_c2011
270 _a1/24, Asaf Ali Road
_bNew Delhi
_e110002
300 _axxvi, 270 p. :
_c25cm (Hb)
_bill.
500 _aIncludes bibliographical references and index
600 _935206
650 _935208
_aScarcity.
650 _aWelfare economics.
_935218
650 _aSupply and demand
_935219
650 _aResource allocation.
_935220
700 _935211
_aMehta, Lyla
830 _935213
942 _2ddc
_cEN
_h338.521
_mLIM
999 _c57260
_d57260